000 00645cam a22002413a 4500
001 30483
003 PGUSA
005 20140828083647.0
008 091116s2009||||xxu|||||s|||||000 1 eng d
040 _aPGUSA
_beng
042 _adc
050 4 _aPS
100 1 _aKelley, Ethel M.
_q(Ethel May),
_d1878-
245 1 0 _aOutside Inn
_h[electronic resource] /
_cEthel M. Kelley
260 _bProject Gutenberg,
_c2009
506 _aPublic domain in the USA.
516 _aElectronic text
653 _aFiction
700 1 _aKing, W. B.
830 0 _aProject Gutenberg
_v30483
856 4 0 _uhttp://www.gutenberg.org/ebooks/30483
942 _cEB
999 _c259738
_d259738